| 000 | 01739ncm0a2200397 4500 | ||
|---|---|---|---|
| 001 | RU\NLR\ONIZ\227606 | ||
| 005 | 20250623231757.0 | ||
| 010 | _a978-5-9708-0728-6 | ||
| 013 | _a979-0-9003229-2-0 | ||
| 021 |
_aRU _b19-256 _919-НО-П-20 |
||
| 035 | _aRU\NLR\ONIZ\natafirs\5000003162\20200214190330 | ||
| 035 | _a(NLR Aleph) 012224215 | ||
| 090 |
_a10949841 _c10949841 |
||
| 100 | _a20200214d2019 |||y0rusy50 ca | ||
| 101 | 0 | _abel | |
| 102 | _aRU | ||
| 125 | _aax | ||
| 200 | 1 |
_aПривольный край России _bНоты _eпроизведения для народных и академических хоров, вокальных ансамблей и солистов, в сопровождении баяна (фортепиано) и без сопровождения |
|
| 205 | _aИзд-е 3-е, исправ. и доп. | ||
| 210 |
_aОрёл _cКартуш _d2019 |
||
| 215 |
_a240 с. _cфото _d30 см |
||
| 300 | _aПредисл.: с. 5-6 | ||
| 606 | 1 |
_aМузыка орловских композиторов _jНоты _2nlr_sh |
|
| 606 | 1 |
_aВокальная музыка орловских композиторов _yРоссия _z20 в. _jНоты _2nlr_sh |
|
| 686 |
_aЩ94я44(2Р=Р) _vLBC/SL _2rubbk |
||
| 700 | 1 |
_9z02790 _aКрепких _bА. А. _f1941-1998 _gАлександр Александрович _4230 _7ca |
|
| 790 | 1 |
_9z02700 _aKrepkich _bA. _f1941-1998 _gAleksandr _4230 _7ba |
|
| 801 | 0 |
_aRU _bNLR _c20200214 _gPSBO |
|
| 801 | 1 |
_aRU _bNLR _c20200214 _2rusmarc |
|
| 801 | 2 |
_aRU _bNLR _c20200304 |
|
| 852 |
_aNLR _bМ _j3/12042 _pМОЭ 2019-НО-П-20/256 _t1 |
||
| 852 |
_aNLR _bМ _j3/12042а _pМОЭ 2019-НО-П-20/256а _t2 |
||
| 942 | _cSCORE | ||
| 980 | _aNB | ||
| 980 | _aONIZ | ||